Transatlánticos de leyenda: la vida a bordo de los gigantes del mar

Guardat en:
Dades bibliogràfiques
Autor principal: Donzel, Catherine (Autor)
Format: Llibre
Idioma:espanyol
Publicat: Barcelona Océano 2008
Edició:1a. ed
Matèries:
Etiquetes: Afegir etiqueta
Sense etiquetes, Sigues el primer a etiquetar aquest registre!

MARC

LEADER 00000nam a2200000 a 4500
001 UCH9865
003 CL-VaPUC
008 100225e20080000SP |||||||||||||||||spa|d
020 |a 9788475565361 
082 0 4 |a 380  |b DON  |2 21 
100 0 |a Donzel, Catherine  |e author  |9 547182 
245 1 0 |a Transatlánticos de leyenda: la vida a bordo de los gigantes del mar 
250 |a 1a. ed 
300 |a 191 p 
942 |c BK 
945 |d 20100225 00:00:00  |a cmena 
260 |a Barcelona  |b Océano  |c 2008 
650 7 |a TRANSATLANTICOS  |2 CL-VaPUC  |9 547183 
650 7 |a DISEÑO DE BARCOS  |2 CL-VaPUC  |9 490947 
650 7 |a HISTORIA DE LA NAVEGACION  |2 CL-VaPUC  |9 547184 
650 0 |a Transporte marítimo  |9 260127 
583 |a last modification  |c 20100225 00:00:00  |k Rodrigo Vera 
999 |c 339731  |d 339729 
952 |0 0  |1 0  |4 0  |6 380_000000000000000_DON_2008  |7 0  |8 C  |9 433540  |a BIBCUR  |b BIBCUR  |d 2019-11-22  |i 4647408  |o 380 DON 2008  |p 4647408  |r 2025-04-22  |w 2019-11-22  |y BK  |k CAC